[Event "34th Leon Blitz Open 2021"]
[Site "chess.com INT"]
[Date "2021.07.07"]
[Round "9"]
[White "Prohorov, Olexandr"]
[Black "Valle Maytin, Luis Enrique"]
[Result "0-1"]
[WhiteTitle "FM"]
[BlackTitle "FM"]
[WhiteElo "2086"]
[BlackElo "2284"]
[WhiteFideId "14105578"]
[BlackFideId "3503666"]
[EventDate "2021.07.07"]

1. Nf3 Nf6 2. c4 g6 3. Nc3 Bg7 4. d4 O-O 5. e4 d6 6. Be2 e5 7. O-O Re8 8. d5 a5
9. Ne1 Na6 10. Be3 Nd7 11. b3 Ndc5 12. Rb1 Bd7 13. a3 b6 14. b4 Nb7 15. Nd3 f5
16. f3 f4 17. Bf2 g5 18. g4 fxg3 19. hxg3 h5 20. Kg2 Qf6 21. Rh1 Qg6 22. c5 bxc5
23. bxc5 Nbxc5 24. Nxc5 Nxc5 25. Bxc5 dxc5 26. Rb7 Rac8 27. d6 Bc6 28. Bc4+ Kh7
29. Rxc7 Rxc7 30. dxc7 h4 31. gxh4 gxh4+ 32. Kf2 Qg3+ 33. Ke2 Qg2+ 34. Kd3 h3
35. Qg1 Qxg1 36. Rxg1 Bd7 37. Ba6 Bh6 38. Nd5 Bg7 39. Kc4 Rh8 40. Kxc5 h2 41.
Rh1 Kg6 42. Kd6 Bh3 43. Rxh2 Bf8+ 44. Kc6 Bxa3 45. c8=Q Bxc8 46. Rxh8 Bxa6 47.
Kb6 Be2 48. Kxa5 Bxf3 49. Nc3 Bb2 50. Rh3 Bxc3+ 51. Kb5 Be2+ 52. Kc5 Bd4+ 53.
Kd5 Ba6 54. Rg3+ Kf6 55. Rf3+ Ke7 56. Kc6 Bc4 57. Rh3 Ba2 58. Rg3 Kf6 59. Kd6
Bb1 60. Rg4 Be3 61. Kd5 Ba2+ 62. Kd6 Bc1 63. Rh4 Ba3+ 64. Kd7 Bb1 65. Rg4 Bc5
66. Kc6 Be7 67. Kd5 Ba2+ 68. Kc6 Be6 69. Rh4 Bf7 70. Rg4 Be6 71. Rh4 Kg5 72. Rh7
Ba3 73. Rh1 Kf4 74. Re1 Bb4 75. Re2 Bc4 76. Rc2 Bd3 77. Rb2 Bxe4+ 78. Kd7 Bc3
79. Rb5 Bc2 80. Rxe5 Bxe5 81. Ke6 Bb3+ 82. Kd7 Bd5 83. Ke7 Kf5 84. Kf8 Ke6 85.
Ke8 Bc7 86. Kf8 Kf6 87. Ke8 Be6 88. Kf8 Bd7 89. Kg8 Bd6 90. Kh7 Bf4 91. Kg8 Bg5
92. Kf8 Bh6+ 93. Kg8 Be3 94. Kh7 Be6 95. Kh8 Bg5 96. Kh7 Bf7 97. Kh8 Bd2 98. Kh7
Bc3 99. Kh6 Bd2+ 100. Kh7 Bg6+ 101. Kg8 Bb4 102. Kh8 Bc3 103. Kg8 Bf7+ 104. Kh7
Bd2 105. Kh8 Bg5 106. Kh7 Bg6+ 107. Kg8 Bh6 108. Kh8 Bg7+ 109. Kg8 Bf7+ 110. Kh7
Bh5 111. Kg8 Bh6 112. Kh7 Bg5 113. Kg8 Be8 114. Kf8 Bd7 115. Kg8 Kg6 116. Kf8
Bh4 117. Kg8 Be7 118. Kh8 Bf5 119. Kg8 Be6+ 120. Kh8 Bf6# 0-1

[Event "34th Leon Blitz Open 2021"]
[Site "chess.com INT"]
[Date "2021.07.07"]
[Round "10"]
[White "Vallejo Diaz, Javier"]
[Black "Jimenez Martinez, Jose Vicente"]
[Result "1-0"]
[WhiteTitle "FM"]
[BlackTitle "FM"]
[WhiteElo "2365"]
[BlackElo "2271"]
[WhiteFideId "2256398"]
[BlackFideId "2264021"]
[EventDate "2021.07.07"]

1. e4 d6 2. Nc3 g6 3. f4 Bg7 4. Nf3 Nf6 5. Bc4 O-O 6. d3 Nbd7 7. O-O c6 8. a4
Qb6+ 9. Kh1 a5 10. Qe2 e6 11. e5 dxe5 12. fxe5 Nd5 13. d4 Nxc3 14. bxc3 c5 15.
Ba3 Re8 16. Ng5 Rf8 17. Rab1 Qc7 18. Rxf7 Rxf7 19. Nxe6 Nxe5 20. Nxc7 Nxc4 21.
Qxc4 Bf5 1-0

[Event "34th Leon Blitz Open 2021"]
[Site "chess.com INT"]
[Date "2021.07.07"]
[Round "10"]
[White "Krishnakumar, Sriram"]
[Black "Prohorov, Olexandr"]
[Result "1-0"]
[WhiteTitle "CM"]
[BlackTitle "FM"]
[WhiteElo "2035"]
[BlackElo "2086"]
[WhiteFideId "30915856"]
[BlackFideId "14105578"]
[EventDate "2021.07.07"]

1. e4 c5 2. Nf3 e6 3. d4 cxd4 4. Nxd4 Qb6 5. Nc3 Bc5 6. Na4 Qa5+ 7. c3 Bxd4 8.
Qxd4 Nf6 9. Nc5 Nc6 10. Qe3 O-O 11. Be2 d5 12. Nb3 Qc7 13. exd5 Nxd5 14. Qg3
Qxg3 15. hxg3 a5 16. Bf3 a4 17. Nc5 b6 18. Nd3 Bb7 19. O-O Rad8 20. c4 Ndb4 21.
Nxb4 Nxb4 22. Bxb7 1-0

[Event "34th Leon Blitz Open 2021"]
[Site "chess.com INT"]
[Date "2021.07.07"]
[Round "10"]
[White "Harshavardhan, G B"]
[Black "Vasquez Schroeder, Rodrigo"]
[Result "0-1"]
[WhiteTitle "IM"]
[BlackTitle "GM"]
[WhiteElo "2397"]
[BlackElo "2459"]
[WhiteFideId "25059009"]
[BlackFideId "3400042"]
[EventDate "2021.07.07"]

1. d4 d5 2. c4 c6 3. Nf3 Nf6 4. Nc3 e6 5. Bg5 dxc4 6. e4 b5 7. e5 h6 8. Bh4 g5
9. Nxg5 hxg5 10. Bxg5 Nbd7 11. g3 Bb7 12. Bg2 Qb6 13. exf6 c5 14. d5 O-O-O 15.
O-O b4 16. Na4 Qa6 17. a3 Bxd5 18. axb4 Bxg2 19. Kxg2 Qc6+ 20. f3 cxb4 21. Qe2
Kb7 22. Rfc1 Rc8 23. Be3 Ne5 24. b3 Nxf3 25. Qxc4 Rxh2+ 26. Kf1 Nd2+ 27. Bxd2
Qf3+ 28. Ke1 Qf2+ 29. Kd1 Qxd2# 0-1

[Event "34th Leon Blitz Open 2021"]
[Site "chess.com INT"]
[Date "2021.07.07"]
[Round "10"]
[White "Arias, Juan Cruz"]
[Black "Estrada Nieto, Julian"]
[Result "1/2-1/2"]
[WhiteTitle "CM"]
[BlackTitle "IM"]
[WhiteElo "2277"]
[BlackElo "2280"]
[WhiteFideId "118540"]
[BlackFideId "5101018"]
[EventDate "2021.07.07"]

1. e4 e5 2. Nf3 Nc6 3. Bc4 Bc5 4. c3 d6 5. d3 Nf6 6. Bb3 a6 7. Nbd2 Ba7 8. h3
O-O 9. O-O h6 10. Re1 Re8 11. Nf1 Be6 12. Ng3 d5 13. Qe2 Qd7 14. Bc2 b5 15. Nh4
dxe4 16. dxe4 Bxh3 17. gxh3 Qxh3 18. Nhf5 Ng4 19. Be3 Qh2+ 20. Kf1 Qh3+ 21. Kg1
Qh2+ 22. Kf1 Qh3+ 23. Kg1 1/2-1/2

[Event "34th Leon Blitz Open 2021"]
[Site "chess.com INT"]
[Date "2021.07.07"]
[Round "10"]
[White "Sjugirov, Sanan"]
[Black "Bluebaum, Matthias"]
[Result "0-1"]
[WhiteTitle "GM"]
[BlackTitle "GM"]
[WhiteElo "2661"]
[BlackElo "2669"]
[WhiteFideId "4189302"]
[BlackFideId "24651516"]
[EventDate "2021.07.07"]

1. e4 c6 2. d4 d5 3. exd5 cxd5 4. Bd3 Nc6 5. c3 Nf6 6. Bf4 Bg4 7. Qb3 Qd7 8. Nd2
e6 9. h3 Bh5 10. Ngf3 Bd6 11. Bxd6 Qxd6 12. O-O O-O 13. Rfe1 Qc7 14. Ne5 Nxe5
15. Rxe5 Bg6 16. Bxg6 hxg6 17. Rae1 b5 18. a3 a5 19. g3 Rfb8 20. R5e3 Qb6 21.
Ra1 Ra7 22. Kg2 b4 23. axb4 axb4 24. Rxa7 Qxa7 25. Qc2 bxc3 26. bxc3 Qa1 27. Nb3
Qa4 0-1

[Event "34th Leon Blitz Open 2021"]
[Site "chess.com INT"]
[Date "2021.07.07"]
[Round "10"]
[White "Lopez Idarraga, Daniel Eduardo"]
[Black "Musovic, Armin"]
[Result "1-0"]
[WhiteTitle "FM"]
[BlackTitle "FM"]
[WhiteElo "2009"]
[BlackElo "2282"]
[WhiteFideId "4405501"]
[BlackFideId "939935"]
[EventDate "2021.07.07"]

1. d4 d5 2. Bf4 c5 3. e3 Nc6 4. c3 a6 5. Nd2 Nf6 6. Bd3 h6 7. Ngf3 Bg4 8. h3
Bxf3 9. Qxf3 e6 10. O-O cxd4 11. exd4 Bd6 12. Rae1 O-O 13. Re3 Bxf4 14. Qxf4 Qb8
15. Qh4 e5 16. Rg3 e4 17. Bc2 Re8 18. f3 g5 19. fxe4 Nxe4 20. Nxe4 dxe4 21. Bb3
Nd8 22. Rf6 Re6 23. Bxe6 Nxe6 24. Rxh6 Kf8 25. Rxg5 Ke8 26. Rxe6+ Kd7 27. Rxe4
Qd8 28. Rd5+ 1-0

[Event "34th Leon Blitz Open 2021"]
[Site "chess.com INT"]
[Date "2021.07.07"]
[Round "10"]
[White "Holt, Conrad"]
[Black "Martinez Alcantara, Jose Eduardo"]
[Result "0-1"]
[WhiteTitle "GM"]
[BlackTitle "GM"]
[WhiteElo "2549"]
[BlackElo "2620"]
[WhiteFideId "2034387"]
[BlackFideId "3805662"]
[EventDate "2021.07.07"]

1. d4 Nf6 2. c4 e6 3. Nc3 Bb4 4. Qc2 O-O 5. e4 d5 6. e5 Ne4 7. Bd3 c5 8. Nf3
cxd4 9. Nxd4 Nd7 10. Bf4 Qh4 11. g3 Qh5 12. O-O g5 13. cxd5 Bxc3 14. bxc3 exd5
15. e6 gxf4 16. exd7 Bxd7 17. Bxe4 dxe4 18. Qxe4 fxg3 19. hxg3 b6 20. Rfe1 Rad8
21. Qb7 Bg4 22. Re7 Rxd4 23. cxd4 Bf3 24. Qxf3 Qxf3 25. Rae1 Qa3 26. Rd7 Qxa2
27. d5 Qd2 28. Re4 a5 29. Kg2 b5 30. Re5 b4 31. Rb7 a4 32. Rb6 a3 33. d6 a2 34.
Ra5 Qd4 35. Rba6 b3 36. Rg5+ Kh8 37. Rb5 a1=Q 0-1

[Event "34th Leon Blitz Open 2021"]
[Site "chess.com INT"]
[Date "2021.07.07"]
[Round "10"]
[White "Svane, Rasmus"]
[Black "Sarana, Alexey"]
[Result "1-0"]
[WhiteTitle "GM"]
[BlackTitle "GM"]
[WhiteElo "2615"]
[BlackElo "2640"]
[WhiteFideId "4657101"]
[BlackFideId "24133795"]
[EventDate "2021.07.07"]

1. Nf3 Nf6 2. g3 d5 3. Bg2 g6 4. O-O Bg7 5. d4 c6 6. c3 O-O 7. Re1 Nbd7 8. Nbd2
Re8 9. e4 dxe4 10. Nxe4 Nxe4 11. Rxe4 Nf6 12. Re1 Bf5 13. Ne5 Be6 14. h4 Bd5 15.
Bxd5 cxd5 16. Qf3 h5 17. Bg5 Qd6 18. Re2 Rf8 19. Bxf6 Bxf6 20. Rae1 Kg7 21. Kg2
Rac8 22. a4 a5 23. Qd3 e6 24. Qb5 Bxe5 25. Rxe5 Qc6 26. Qb3 Rb8 27. Qd1 Rh8 28.
Rh1 b5 29. g4 bxa4 30. gxh5 f6 31. Qg4 Rxh5 32. Rxh5 Rxb2 33. Re1 Rb6 34. Re3 a3
35. Rg3 Qe8 36. Qf4 Kf7 37. Rh7+ Kg8 38. Qh6 1-0

[Event "34th Leon Blitz Open 2021"]
[Site "chess.com INT"]
[Date "2021.07.07"]
[Round "10"]
[White "Kadam, Om Manish"]
[Black "Demchenko, Anton"]
[Result "0-1"]
[WhiteTitle "CM"]
[BlackTitle "GM"]
[WhiteElo "2114"]
[BlackElo "2600"]
[WhiteFideId "45076294"]
[BlackFideId "4160258"]
[EventDate "2021.07.07"]

1. e4 e5 2. Nf3 Nc6 3. Bc4 Nf6 4. d3 Be7 5. O-O O-O 6. a4 d6 7. Re1 Kh8 8. a5 a6
9. Ng5 Qe8 10. c3 h6 11. Nf3 Ng8 12. Qb3 f5 13. exf5 Bxf5 14. Qxb7 Bd7 15. Qb3
Rxf3 16. gxf3 Qg6+ 17. Kf1 Qh5 18. Bd5 Nf6 19. Qb7 Ra7 20. Bxc6 Rxb7 21. Bxb7
Qxh2 22. Be3 Nh5 23. Ke2 Bh4 24. Kd2 Bxf2 25. Re2 Bxe3+ 26. Kxe3 Qf4+ 27. Kf2
Qh4+ 28. Ke3 Qg5+ 29. Kf2 Nf4 30. Rd2 Qg2+ 31. Ke3 Qg1+ 32. Ke4 g6 33. d4 Bf5# 0-1

[Event "34th Leon Blitz Open 2021"]
[Site "chess.com INT"]
[Date "2021.07.07"]
[Round "10"]
[White "Primbetov, Kazbek"]
[Black "Mogirzan, Matei-Valeriu"]
[Result "1-0"]
[WhiteTitle "FM"]
[BlackTitle "CM"]
[WhiteElo "2207"]
[BlackElo "1813"]
[WhiteFideId "13702297"]
[BlackFideId "1257455"]
[EventDate "2021.07.07"]

1. f4 e5 2. fxe5 d6 3. exd6 Bxd6 4. Nf3 g5 5. g3 g4 6. Nh4 Nc6 7. Bg2 Nge7 8.
O-O Ng6 9. Nf5 Bc5+ 10. e3 Qg5 11. d4 Bb6 12. e4 Qf6 13. c3 h5 14. Bh6 Bxf5 15.
Rxf5 Qd6 16. Bg7 Rh7 17. Bf6 h4 18. e5 Nxd4 19. exd6 Nf3+ 20. Kf1 Nxh2+ 21. Ke1 1-0

[Event "34th Leon Blitz Open 2021"]
[Site "chess.com INT"]
[Date "2021.07.07"]
[Round "10"]
[White "Vitenberg, Noam Aviv"]
[Black "Roman, Rodrigo"]
[Result "1-0"]
[WhiteTitle "FM"]
[BlackTitle "CM"]
[WhiteElo "2315"]
[BlackElo "2071"]
[WhiteFideId "1532138"]
[BlackFideId "3701220"]
[EventDate "2021.07.07"]

1. c3 a6 2. d4 b5 3. e4 Bb7 4. Bd3 Nf6 5. f3 e6 6. Ne2 d5 7. e5 Nfd7 8. O-O c5
9. f4 g6 10. Be3 Nc6 11. Nd2 c4 12. Bc2 Be7 13. g4 Qc7 14. f5 gxf5 15. gxf5
O-O-O 16. f6 Rdg8+ 17. Kh1 Bd8 18. Rg1 Ncxe5 19. Bf4 Bxf6 20. Ng3 Qb6 21. dxe5
Bxe5 22. Qf3 f5 23. Bxe5 Nxe5 24. Qf4 d4+ 25. Be4 fxe4 26. Qxe5 e3+ 27. Nde4 d3
28. Rg2 h5 29. Nd6+ Kd7 30. Nxb7 Qxb7 31. Ne4 Rxg2 32. Nc5+ 1-0

[Event "34th Leon Blitz Open 2021"]
[Site "chess.com INT"]
[Date "2021.07.07"]
[Round "10"]
[White "Szente Varga, Fruzsina"]
[Black "Shreyans, K. Shah"]
[Result "1-0"]
[WhiteTitle "WFM"]
[BlackTitle "CM"]
[WhiteElo "2100"]
[BlackElo "2237"]
[WhiteFideId "712264"]
[BlackFideId "5029074"]
[EventDate "2021.07.07"]

1. d4 Nf6 2. c4 g6 3. Nc3 Bg7 4. e4 d6 5. Be3 Nbd7 6. Qd2 O-O 7. O-O-O e5 8. d5
a5 9. h4 h5 10. f3 b6 11. g4 Nc5 12. gxh5 Nxh5 13. Bh6 Ba6 14. Bxg7 Kxg7 15. b3
Nf4 16. Kb1 Bc8 17. Nge2 Bd7 18. Nxf4 exf4 19. Qxf4 Qf6 20. Qe3 Rae8 21. h5 Rh8
22. Be2 Bf5 23. hxg6 Bxg6 24. Rhg1 Rh5 25. f4 Nxe4 26. Nxe4 Rxe4 27. Qxe4 1-0

[Event "34th Leon Blitz Open 2021"]
[Site "chess.com INT"]
[Date "2021.07.07"]
[Round "10"]
[White "Ibarra Jerez, Jose Carlos"]
[Black "Lysyj, Igor"]
[Result "1-0"]
[WhiteTitle "GM"]
[BlackTitle "GM"]
[WhiteElo "2558"]
[BlackElo "2605"]
[WhiteFideId "2226332"]
[BlackFideId "4150120"]
[EventDate "2021.07.07"]

1. e4 e5 2. Nf3 Nc6 3. d4 exd4 4. Nxd4 Nf6 5. Nxc6 bxc6 6. Bd3 d5 7. exd5 cxd5
8. O-O Be7 9. c4 O-O 10. cxd5 Nxd5 11. Qf3 Be6 12. Rd1 c6 13. Nc3 Qc7 14. Be4
Rad8 15. Bd2 Bf6 16. Rac1 Nxc3 17. Bxc3 Rxd1+ 18. Rxd1 Bxc3 19. Qxc3 Bxa2 20. b3
Qb6 21. Bc2 Qa6 22. Qb2 Re8 23. h3 Qa5 24. b4 Qb6 25. Qxa2 Qxb4 26. Qxa7 g6 27.
Qa1 Qc5 28. Bd3 Qb4 29. Bf1 c5 30. Qf6 c4 31. Rd7 Rf8 32. Rc7 1-0

[Event "34th Leon Blitz Open 2021"]
[Site "chess.com INT"]
[Date "2021.07.07"]
[Round "10"]
[White "Gimenez Aguirre, Alejo Ismael"]
[Black "Maltsevskaya, Aleksandra"]
[Result "0-1"]
[WhiteTitle "IM"]
[BlackTitle "WGM"]
[WhiteElo "2265"]
[BlackElo "2382"]
[WhiteFideId "32041667"]
[BlackFideId "24174041"]
[EventDate "2021.07.07"]

1. e4 e5 2. Nf3 Nc6 3. Bb5 a6 4. Ba4 Nf6 5. O-O Nxe4 6. d4 b5 7. Bb3 d5 8. dxe5
Be6 9. c3 Bc5 10. Nbd2 Nxf2 11. Rxf2 Bxf2+ 12. Kxf2 O-O 13. Qe2 f6 14. exf6 Qxf6
15. Kg1 Rae8 16. Qd3 d4 17. cxd4 Bxb3 18. axb3 Nxd4 19. h3 Ne2+ 20. Kh1 Ng3+ 21.
Kh2 Qf4 22. Kg1 Rd8 23. Qc2 Ne2+ 24. Kh1 Qe3 25. Nf1 Qf2 26. Bg5 Rxf3 27. Nh2
Ng3# 0-1

[Event "34th Leon Blitz Open 2021"]
[Site "chess.com INT"]
[Date "2021.07.07"]
[Round "10"]
[White "Vovk, Orest"]
[Black "Gorodetzky, David"]
[Result "0-1"]
[WhiteTitle "FM"]
[BlackTitle "IM"]
[WhiteElo "2315"]
[BlackElo "2496"]
[WhiteFideId "14113490"]
[BlackFideId "2813416"]
[EventDate "2021.07.07"]

1. g4 d5 2. h3 e5 3. Bg2 Nc6 4. c4 dxc4 5. Bxc6+ bxc6 6. Nc3 Bd6 7. Qa4 Ne7 8.
Nf3 Be6 9. Ng5 Qd7 10. Nxe6 Qxe6 11. b3 h5 12. g5 cxb3 13. Qxb3 Kd7 14. Qxe6+
Kxe6 15. d3 Rab8 16. O-O f5 17. gxf6 gxf6 18. Be3 Nd5 19. Ne4 Rhg8+ 20. Kh1 Nxe3
21. fxe3 f5 22. Nc3 Rg3 23. Rf3 Rxf3 24. exf3 Rb2 25. e4 f4 26. Rc1 Rd2 27. Na4
Kd7 28. Nc5+ Bxc5 29. Rxc5 Kd6 30. Ra5 Rxd3 31. Kg2 Rd2+ 32. Kg1 c5 33. Rxa7 c4
34. Ra6+ c6 35. Kf1 c3 36. Ke1 Rd4 37. Ra3 c2 0-1

[Event "34th Leon Blitz Open 2021"]
[Site "chess.com INT"]
[Date "2021.07.07"]
[Round "10"]
[White "Khanin, Semen"]
[Black "Nguyen, Ngoc Truong Son"]
[Result "0-1"]
[WhiteTitle "IM"]
[BlackTitle "GM"]
[WhiteElo "2517"]
[BlackElo "2641"]
[WhiteFideId "4111990"]
[BlackFideId "12401110"]
[EventDate "2021.07.07"]

1. e4 c5 2. Nf3 e6 3. d4 cxd4 4. Nxd4 Nc6 5. Nc3 a6 6. Be3 Nf6 7. Qf3 Qc7 8.
O-O-O Be7 9. Nxc6 bxc6 10. Be2 d5 11. Qg3 Qxg3 12. hxg3 O-O 13. g4 Bb7 14. g5
Nd7 15. Rh3 Rfd8 16. exd5 cxd5 17. Bd3 Nf8 18. Rdh1 g6 19. Ne2 e5 20. f3 Rac8
21. Rh4 h5 22. Ng3 Ne6 23. Nxh5 gxh5 24. Rxh5 Nf8 25. Bf5 Rc6 26. f4 d4 27. Bd2
Rc5 28. fxe5 Rxe5 29. Bd3 Bxg2 30. R1h2 Bf3 31. Rh8+ Kg7 32. Bf4 Re1+ 33. Kd2
Rd1# 0-1

[Event "34th Leon Blitz Open 2021"]
[Site "chess.com INT"]
[Date "2021.07.07"]
[Round "10"]
[White "Senlle Caride, Miguel"]
[Black "Khabinets, Ivan"]
[Result "1-0"]
[WhiteTitle "FM"]
[WhiteElo "2354"]
[BlackElo "1980"]
[WhiteFideId "2282500"]
[BlackFideId "14115980"]
[EventDate "2021.07.07"]

1. e4 c5 2. Nc3 d6 3. Nge2 Nc6 4. d4 cxd4 5. Nxd4 Nf6 6. Bg5 g6 7. Bxf6 exf6 8.
Be2 Bg7 9. Ndb5 O-O 10. Qxd6 Qxd6 11. Nxd6 Be6 12. O-O-O b6 13. Bb5 Ne5 14. h3
Rfc8 15. Nxc8 Rxc8 16. Nd5 Rc5 17. f4 Bh6 18. Be2 Bxd5 19. Rxd5 Bxf4+ 20. Kb1
Rc7 21. Rf1 Bg3 22. Rxf6 Kg7 23. Rfd6 Re7 24. Rd8 Nc6 25. R8d7 Rxe4 26. Bf3 Re6
27. c3 a5 28. Rb5 Ne5 29. Rb7 Nc4 30. a4 Bf2 31. Bd5 Re1+ 32. Ka2 Nd6 33. Rd7
Nxb5 34. Rxf7+ Kh6 35. Rxf2 Nd6 36. Rf6 Nc8 37. Bb7 Kg7 38. Rc6 Ne7 39. Rxb6 Re2
40. Bf3 Rd2 41. Rb5 Nf5 42. Rxa5 Ne3 43. Rc5 h5 44. a5 Rd6 45. Rc6 Rd7 46. a6
Nc2 47. Rb6 Rd8 48. Be4 Ne3 49. Rxg6+ Kf7 50. a7 Nc4 51. Ra6 Nd6 52. Rxd6 Rxd6
53. a8=Q Rg6 54. Qb7+ Kf6 55. Qc6+ Ke5 56. Qxg6 Kf4 57. Qf5+ Ke3 58. g4 h4 59.
g5 Kd2 60. g6 Ke1 61. g7 1-0

[Event "34th Leon Blitz Open 2021"]
[Site "chess.com INT"]
[Date "2021.07.07"]
[Round "10"]
[White "Sviridova, Vlada"]
[Black "Bures, Vit"]
[Result "0-1"]
[WhiteTitle "WFM"]
[BlackTitle "CM"]
[WhiteElo "2144"]
[BlackElo "2144"]
[WhiteFideId "24109606"]
[BlackFideId "309052"]
[EventDate "2021.07.07"]

1. d4 d5 2. c4 c6 3. Nf3 Nf6 4. Nc3 e6 5. e3 Nbd7 6. Qc2 Bd6 7. Bd3 O-O 8. O-O
dxc4 9. Bxc4 b5 10. Be2 Bb7 11. e4 e5 12. dxe5 Nxe5 13. Nh4 Neg4 14. g3 Bc5 15.
Nd1 Qb6 16. h3 Ne5 17. Kg2 Bd4 18. f4 c5 19. Nc3 Bxc3 20. Qxc3 Bxe4+ 21. Kh2 Nc6
22. Be3 Nd5 23. Qc1 Nxe3 24. Qxe3 Nd4 25. Rfe1 Rae8 26. Bf1 Nc2 27. Qc3 Nxa1 28.
Rxa1 Rd8 29. Re1 Rfe8 30. Bg2 Bxg2 31. Kxg2 Rxe1 32. Qxe1 Qf6 33. Qf2 Qd4 34.
Nf5 Qxf2+ 35. Kxf2 Rd2+ 36. Ke3 Rxb2 37. Ne7+ Kf8 38. Nc6 Rxa2 0-1

[Event "34th Leon Blitz Open 2021"]
[Site "chess.com INT"]
[Date "2021.07.07"]
[Round "10"]
[White "Matveev, Vladimir3"]
[Black "Sarkar, Justin"]
[Result "1-0"]
[WhiteTitle "FM"]
[BlackTitle "IM"]
[WhiteElo "2344"]
[BlackElo "2338"]
[WhiteFideId "24130753"]
[BlackFideId "2010011"]
[EventDate "2021.07.07"]

1. d4 a6 2. e4 b5 3. Bd3 Bb7 4. Nf3 e6 5. Qe2 c5 6. c3 Nf6 7. a4 c4 8. Bc2 d5 9.
e5 Nfd7 10. O-O Be7 11. Ne1 h5 12. f4 g6 13. b3 cxb3 14. Bxb3 bxa4 15. Bxa4 Bc6
16. Bxc6 Nxc6 17. Rxa6 Rxa6 18. Qxa6 Qb6 19. Qd3 Na5 20. Nd2 Qc6 21. Ndf3 Nc4
22. Be3 O-O 23. Bf2 Ra8 24. Bh4 Bf8 25. Ng5 Ra3 26. Rf3 Ra1 27. h3 Qa6 28. Kh2
Nb2 29. Qc2 Ra2 30. Nxf7 Kxf7 31. Rg3 Nd3 32. Qxd3 Qxd3 33. Rxd3 Nb6 34. Nf3 Bh6
35. Bg5 Bg7 36. Rd2 Ra3 37. Rb2 Nc4 38. Rb7+ Kg8 39. Nh4 Rxc3 40. Nxg6 Ne3 41.
Bf6 1-0

[Event "34th Leon Blitz Open 2021"]
[Site "chess.com INT"]
[Date "2021.07.07"]
[Round "10"]
[White "Dhulipalla, Bala Chandra Prasad"]
[Black "Pham, Le Thao Nguyen"]
[Result "1-0"]
[WhiteTitle "IM"]
[BlackTitle "IM"]
[WhiteElo "2425"]
[BlackElo "2369"]
[WhiteFideId "25005812"]
[BlackFideId "12401226"]
[EventDate "2021.07.07"]

1. d4 d5 2. Bf4 c6 3. e3 Nf6 4. Bd3 Bg4 5. f3 Bh5 6. c4 e6 7. Qb3 Qc8 8. Nc3
Nbd7 9. Rc1 Nb6 10. cxd5 Nfxd5 11. Nge2 Bg6 12. Ne4 Nxf4 13. Nxf4 Be7 14. O-O
Nd5 15. Nxd5 exd5 16. Ng3 O-O 17. Bxg6 hxg6 18. e4 dxe4 19. fxe4 Qd7 20. Rcd1
Rad8 21. Ne2 Qg4 22. Nf4 Rd7 23. h3 Qg5 24. Ne6 Qh4 25. Nxf8 Bxf8 26. Qf3 Qd8
27. d5 cxd5 28. Rxd5 Qb6+ 29. Kh1 Re7 30. b3 f6 31. e5 f5 32. Rd6 Qc5 33. Rxg6
Rxe5 34. Rg5 Bd6 35. Rxf5 Qd4 36. Rd1 Qb6 37. Rxe5 Bxe5 38. Qd5+ 1-0

[Event "34th Leon Blitz Open 2021"]
[Site "chess.com INT"]
[Date "2021.07.07"]
[Round "10"]
[White "Gallegos Diaz, Carlos Alberto"]
[Black "Llorens Sepulveda, Marcelo"]
[Result "1-0"]
[WhiteTitle "IM"]
[BlackTitle "FM"]
[WhiteElo "2374"]
[BlackElo "2257"]
[WhiteFideId "3900886"]
[BlackFideId "3400999"]
[EventDate "2021.07.07"]

1. e4 c5 2. Nf3 Nc6 3. Bb5 g6 4. O-O Bg7 5. Re1 Nf6 6. Bxc6 bxc6 7. d3 O-O 8. h3
d6 9. e5 Nd5 10. c4 Nc7 11. Nc3 f6 12. exd6 exd6 13. d4 cxd4 14. Nxd4 Bd7 15.
Bf4 Ne8 16. Ne6 Bxe6 17. Rxe6 Qd7 18. Qe2 f5 19. Re7 Qd8 20. Qe6+ Kh8 21. Re1
Rb8 22. c5 Bf6 23. cxd6 Ng7 24. Qc4 g5 25. Be5 Bxe5 26. R1xe5 Qxd6 27. f4 Rb4
28. Qe2 Rxf4 29. Re3 Rd4 30. Qf3 c5 31. Rxa7 Rf4 32. Qb7 Rg8 33. Qd5 Qxd5 34.
Nxd5 Re4 35. Rxe4 fxe4 36. Nf6 Rb8 37. Nxe4 h6 38. b3 Nf5 39. Nxc5 Rc8 40. Ne6
Rc1+ 41. Kh2 Rc2 42. a4 Ne3 43. Ra8+ Kh7 44. Nd4 Rxg2+ 45. Kh1 Rd2 46. Ne6 Nf5
47. a5 Ra2 48. b4 Nh4 49. Nd4 Rd2 50. Rd8 Nf3 51. Rd7+ Kg6 52. Nxf3 Rxd7 53.
Ne5+ Kf5 54. Nxd7 1-0

[Event "34th Leon Blitz Open 2021"]
[Site "chess.com INT"]
[Date "2021.07.07"]
[Round "10"]
[White "Djordjevic, Dejan N"]
[Black "Rosenberg, Evan S"]
[Result "1-0"]
[WhiteTitle "FM"]
[WhiteElo "2144"]
[BlackElo "2125"]
[WhiteFideId "913316"]
[BlackFideId "2019299"]
[EventDate "2021.07.07"]

1. e4 e5 2. Nf3 Nc6 3. Bc4 Nf6 4. d3 Bc5 5. O-O a6 6. c3 Ba7 7. Bb3 d6 8. Re1
O-O 9. Nbd2 Ng4 10. Re2 Kh8 11. h3 f5 12. hxg4 fxg4 13. Ne1 g3 14. Nef3 Bxf2+
15. Rxf2 gxf2+ 16. Kxf2 Qh4+ 17. Kg1 Qg3 18. Nf1 Qg6 19. Qe2 Bg4 20. N1h2 Bh5
21. Qe3 Rf4 22. Qf2 Rf6 23. Nh4 Qe8 24. Qg3 Ne7 25. Bg5 Rf8 26. N2f3 Ng6 27. Rf1
Nf4 28. Bxf4 exf4 29. Qg5 h6 30. Qd5 Qe7 31. Nf5 Qf6 32. Qxb7 Rab8 33. Qxc7 Bxf3
34. Rxf3 d5 35. Qxf4 dxe4 36. dxe4 a5 37. e5 Qb6+ 38. Kh2 a4 39. Qxa4 Ra8 40.
Qg4 Rg8 41. Bxg8 Rxg8 42. b3 Qc7 43. Qd4 Rd8 44. Nd6 Kh7 45. c4 Qb8 46. Qe4+ Kg8
47. Qd5+ Kh7 48. c5 Qb4 49. Qe4+ Qxe4 50. Nxe4 Rd4 51. Nd6 1-0